Comprehensive Handbook of Management Skills (Record no. 8794)

000 -LEADER
fixed length control field 00464 a2200157 4500
020 ## - INTERNATIONAL STANDARD BOOK NUMBER
International Standard Book Number 8179290530
082 ## - DEWEY DECIMAL CLASSIFICATION NUMBER
Classification number 658.409 STE
090 ## - LOCALLY ASSIGNED LC-TYPE CALL NUMBER (OCLC); LOCAL CALL NUMBER (RLIN)
-- 4917
-- 4917
100 ## - MAIN ENTRY--PERSONAL NAME
Personal name Stewart, Dorothy M.
245 ## - TITLE STATEMENT
Title Comprehensive Handbook of Management Skills
Statement of responsibility, etc. Stewart, Dorothy M.
260 ## - PUBLICATION, DISTRIBUTION, ETC.
Place of publication, distribution, etc. New Delhi:
Name of publisher, distributor, etc. A Maya Gower,
Date of publication, distribution, etc. 2003.
300 ## - PHYSICAL DESCRIPTION
Extent xxiv, 430 p. :
Other physical details ill. ;
Dimensions 24 cm.
500 ## - GENERAL NOTE
General note Includes Index
650 ## - SUBJECT ADDED ENTRY--TOPICAL TERM
Topical term or geographic name entry element 1.Executive Ability.2.Management.
942 ## - ADDED ENTRY ELEMENTS (KOHA)
Koha item type Book
Call number prefix 658.409 STE
Holdings
Withdrawn status Lost status Damaged status Not for loan Collection code Permanent Location Current Location Shelving location Date acquired Source of acquisition Cost, normal purchase price Total Checkouts Full call number Barcode Date last seen Price effective from Koha item type
          Central Library (CL) Central Library (CL) General Stacks 05/23/2005 Allied Book Company 1393.65   658.409 STE SEECS005752 11/14/2012 01/05/2017 Book
© 2023 Central Library, National University of Sciences and Technology. All Rights Reserved.